000 00490nam a22001937a 4500
005 20240130112132.0
008 240130b |||||||| |||| 00| 0 eng d
020 _a9788189996253
_cRs. 995.00
040 _aMAIN
082 _a301.161
_bB469C
100 _aBhatnagar, S K
245 _aMedia and mass communication
260 _aNew Delhi
_bShri Sai Printographers
_c2010
300 _a476
650 _aSociology
650 _aMass Media
650 _aPopular Culture
942 _cBK
999 _c313988
_d313988